Państwa w NATO - Statystyki

Ogólne statystyki
  • Ten quiz został rozwiązany 59 razy
  • Średni wynik to 25 z 30
Statystyki odpowiedzi
Odpowiedź % Poprawnych
polska
100%
usa
98%
czechy
94%
francja
94%
hiszpania
94%
łotwa
94%
litwa
92%
niemcy
92%
wielka brytania
92%
portugalia
90%
kanada
88%
słowacja
88%
estonia
83%
holandia
83%
słowenia
83%
włochy
83%
grecja
81%
norwegia
79%
węgry
79%
belgia
77%
dania
77%
finlandia
77%
rumunia
77%
turcja
77%
chorwacja
71%
bułgaria
69%
luksemburg
67%
albania
65%
macedonia
65%
czarnogóra
60%
Nie znaleziono quizów pasujących do podanych kryteriów
Rozkład punktacji
Procent ludzi z każdym wynikiem
Percentyl według liczby udzielonych odpowiedzi
Twoja historia wyników
Nie rozwiązałeś tego quizu